000 00429nam a2200181Ia 4500
001 1311
005 20260306143719.0
008 260306t2017||||xx |||||||||||||| ||spa||
041 _aESP
082 _a193
_bN56N
100 _aNietzche, Friedrich
_eAUT
245 0 _aEl nacimiento de la tragedia
260 _c2017
300 _apáginas sin numerar :
_c23 cm.
650 _aGEN
654 _aCHU
942 _cLIB
_dJUS
_fJUS
_2ddc
_n
999 _c1311
_d1311